Los nuevos chilenos: y la batalla por sus preferencias

Guardado en:
Detalles Bibliográficos
Autor principal: Halpern, Pablo (Autor)
Formato: Libro
Lenguaje:español
Publicado: Santiago Planeta 2002
Edición:2a. ed
Materias:
Etiquetas: Agregar Etiqueta
Sin Etiquetas, Sea el primero en etiquetar este registro!

MARC

LEADER 00000cam a2200000 a 4500
001 UCM2996
003 CL-VaPUC
008 020621e20020500CL |||||||||||||||||spa|d
020 |a 9562472914 
082 0 4 |a 303.483  |b HAL  |2 21 
100 0 |a Halpern, Pablo  |e author  |9 469815 
245 1 4 |a Los nuevos chilenos: y la batalla por sus preferencias 
250 |a 2a. ed 
300 |a 155 p 
942 |c BK 
945 |d 20020621 00:00:00  |a cmena 
260 |a Santiago  |b Planeta  |c 2002 
650 0 |a Cambio social   |9 256857 
650 0 |a Desarrollo económico y social   |9 256320 
650 0 |a Comunicación social  |9 334226 
583 |a last modification  |c 20161027 05:53:54  |k Rodrigo Vera 
999 |c 300604  |d 300602 
952 |0 0  |1 0  |4 0  |6 303_483000000000000_HAL_2002  |7 0  |8 A  |9 358573  |a BIBCUR  |b BIBCUR  |d 2019-11-21  |i 3821129  |o 303.483 HAL 2002  |p 3821129  |r 2025-04-22  |w 2019-11-21  |y BK  |k PER 
952 |0 0  |1 0  |4 0  |6 303_483000000000000_HAL_2002  |7 0  |8 A  |9 358574  |a BIBHIS  |b BIBHIS  |d 2019-11-21  |i 3844463  |o 303.483 HAL 2002  |p 3844463  |r 2025-01-20  |w 2019-11-21  |y BK  |k HIS 
952 |0 0  |1 0  |4 0  |6 303_483000000000000_HAL_2002  |7 0  |8 A  |9 358575  |a BIBHIS  |b BIBHIS  |d 2019-11-21  |i 3844471  |o 303.483 HAL 2002  |p 3844471  |r 2025-01-20  |w 2019-11-21  |y BK  |k HIS 
952 |0 0  |1 0  |4 0  |6 303_483000000000000_HAL_2002  |7 0  |8 A  |9 358576  |a BIBEDU  |b BIBEDU  |d 2019-11-21  |i 4152050  |o 303.483 HAL 2002  |p 4152050  |r 2019-11-21  |w 2019-11-21  |y BK  |k LIT 
952 |0 0  |1 0  |4 0  |6 303_483000000000000_HAL_2002  |7 0  |8 A  |9 358577  |a BIBEDU  |b BIBEDU  |d 2019-11-21  |i 4221753  |o 303.483 HAL 2002  |p 4221753  |r 2019-11-21  |w 2019-11-21  |y BK  |k PSI 
952 |0 0  |1 0  |4 0  |6 303_483000000000000_HAL_2002  |7 0  |8 A  |9 358578  |a BIBGIM  |b BIBGIM  |d 2019-11-21  |i 4692985  |o 303.483 HAL 2002  |p 4692985  |r 2025-01-15  |w 2019-11-21  |y BK  |k GIM